| 000 | 00433nam a2200169Ia 4500 | ||
|---|---|---|---|
| 005 | 20250508160504.0 | ||
| 008 | 008 250505s9999 xx 000 0 eng d | ||
| 037 | _aTextual | ||
| 040 |
_aFEDL _beng _cFEDL |
||
| 041 |
_aeng _2eng |
||
| 084 |
_a546, SON _qFEDL |
||
| 100 |
_aSoni P L _9636002 |
||
| 245 | 0 | _aTextbook of inorganic Chemistry | |
| 300 | _a892p. | ||
| 942 |
_cTEXL _h546, SON |
||
| 999 |
_c1364925 _d1364925 |
||